000
00254nam a2200097Ia 4500
008
231212s1985 xx 000 0 und d
041
_a
eng
100
_a
Hnatek Evgene R
245
_a
Design Of Solid State power supplies
260
_a
Calcutta
_b
Sharyu
_c
1985
999
_c
960129
_d
960129